Statistics for 100 מילים חלק 2

Click here to take the quiz!

General Stats

  • This quiz has been taken 3 times
  • The average score is 45 of 110

Answer Stats

HintAnswer% Correct
לאפותbake
67%
שניהם, גם וגםboth
67%
להקיףcircle
67%
מדינהcountry
67%
שונהdifferent
67%
ריקempty
67%
ערבevening
67%
דייגfisherman
67%
ידידותיfriendly
67%
מלאfull
67%
מתנהgift
67%
מענייןinteresting
67%
ראיוןinterview
67%
ארוךlong
67%
חדשnew
67%
צהרייםnoon
67%
לתכנןplan
67%
צמח, לשתולplant
67%
דואר\לפרסםpost
67%
גלויה (של דואר)postcard
67%
מתנהpresent
67%
בעיהproblem
67%
פרויקטproject
67%
חולהsick
67%
גבוהtall
67%
דבריםthings
67%
כרטיסticket
67%
טיולtrip
67%
נכון\אמתtrue
67%
דודuncle
67%
שבועweek
67%
עולםworld
67%
שנהyear
67%
כתובתaddress
33%
מודעה, פרסומתadvertisement
33%
כנגד\ אל מול\ נגדagainst
33%
אחר, נוסףanother
33%
מסביבaround
33%
דודהaunt
33%
חגיגהcelebration
33%
טבלהchart
33%
תחרותcompetition
33%
להשליםcomplete
33%
מחשבcomputer
33%
להמשיךcontinue
33%
יקר, יקרה (במובן רגשי)dear
33%
להחליטdecide
33%
קשהdifficult
33%
להנותenjoy
33%
מרגש, מלהיבexciting
33%
לא נכון\שקרfalse
33%
מועדף, אהובfavorite
33%
בעד\בשביל\לfor
33%
מטוגןfried
33%
ציון, כיתהgrade
33%
חציhalf
33%
שעהhour
33%
בעלhusband
33%
מידעinformation
33%
בפנים, בתוךinside
33%
מראייןinterviewer
33%
להזמיןinvite
33%
עבודהjob
33%
שפהlanguage
33%
בר מזלlucky
33%
מר, אדון (מיסטר)mr
33%
גברת (מיסיז)mrs
33%
שליליnegative
33%
אחייניתniece
33%
משרדoffice
33%
ההפךopposite
33%
בחוץ, מחוץ לoutside
33%
חיוביpossitive
33%
להעדיףprefer
33%
תכניתprogram
33%
תלמידיםpupils
33%
שאלהquestion
33%
לְהִרָגַעrelax
33%
להציל, לשמור, לחסוךsave
33%
מדעscience
33%
מדעןscientist
33%
חנותshop
33%
קצרshort
33%
לצעוקshout
33%
כל כך הרבהso much
33%
חנותstore
33%
רחובstreet
33%
לפתעsuddenly
33%
מופתעsurprised
33%
מילה נרדפתsynonym
33%
טבלהtable
33%
לקחת חלק\להשתתףtake part
33%
לדבר עםtalk to
33%
מתבגר (בן\בת עשרה)teenager
33%
ביחדtogether
33%
מִגְדָּלtower
33%
לטיילtravel
33%
סוף שבועweeken
33%
טובwell
33%
אישה (בנישואים)wife
33%
לצעוקyell
33%
יכולable to
0%
לחגוגcelebreate
0%
האםdo
0%
האםdoes
0%
למלאfill in
0%
מוזר, משונהstrange
0%
לא רגילunusual
0%
רגילusual
0%
בלי, ללאwithouth
0%

Score Distribution

Percentile by Number Answered

Percent of People with Each Score

Your Score History

You have not taken this quiz